|
|
|
|
| LEADER |
00000cam a2200000 7i4500 |
| 001 |
0000002092 |
| 005 |
20021008.0 |
| 020 |
0 |
0 |
|a 983218116X
|
| 090 |
0 |
0 |
|a FRIM581.9598
|b INT 2001
|
| 110 |
1 |
0 |
|a INTERNATIONAL Flora Malesiana Symposium
|i 4th
|k 1998
|j Kuala Lumpur
|
| 245 |
1 |
0 |
|a Taxonomy: the cornerstone of biodiversity :
|b proceedings of the fourth International Flora Malesiana Symposium 1998
|c edited by L. G. Saw, L. S. L. Chua and K. C. Khoo
|
| 260 |
0 |
0 |
|a Kuala Lumpur :
|b Institut Penyelidikan Perhutanan Malaysia ,
|c 2001
|
| 300 |
|
|
|a 301 p. :
|b ill., maps ;
|c 26 cm.
|
| 500 |
0 |
0 |
|a Includes bibliographical references
|
| 650 |
0 |
0 |
|a Botany
|x Malay Archipelago
|x Congresses
|
| 650 |
0 |
0 |
|a Plant diversity
|x Malay Archipelago
|x Congresses
|
| 700 |
0 |
1 |
|a Chua
|h L. S. L.
|
| 700 |
0 |
1 |
|a Khoo
|h K. C.
|
| 700 |
0 |
1 |
|a Saw
|h L. G.
|
| 710 |
1 |
1 |
|a Institut Penyelidikan Perhutanan Malaysia (FRIM)
|
| 998 |
|
|
|a JPSM
|
| 999 |
|
|
|a 0000003488
|b Monograph
|c Open Shelf
|e Default branch
|